[Event "1st Goa GM Open 2018"]
[Site "Taleigao"]
[Date "2018.10.16"]
[Round "5"]
[White "Rahman, Ziaur"]
[Black "Sivuk, Vitaly"]
[Result "0-1"]
[WhiteElo "2473"]
[BlackElo "2545"]
[Annotator "TA"]
[PlyCount "82"]
[EventDate "2018.10.13"]
[EventType "swiss"]
[EventCountry "IND"]
[SourceTitle "playchess.com"]
[Source "ChessBase"]
[SourceQuality "1"]

{[%evp 22,82,21,27,28,13,9,7,9,6,7,5,8,3,8,7,29,0,0,-8,-4,-45,-35,-33,-39,-43,-28,-34,-34,-52,-55,-83,-83,-83,-71,-80,-68,-79,-83,-104,-72,-93,-75,-93,-94,-98,-90,-124,-106,-117,-85,-128,-122,-139,-146,-134,-79,-29980,-29981,-29984,-29985,-29991,-29986]} 1. Nf3 Nf6 2. c4 g6 3. b3 Bg7 4. Bb2 O-O 5. g3 c5 6. Bg2 d6 7. O-O e5 8. Nc3 Nc6 9. d3 h6 10. Nd2 Be6 {A38: Symmetrical English vs ...g6: 4 Bg2 Bg7 5 Nf3 Nf6} 11. Nde4 Ne8 12. Nd5 {LiveBook: 11 Games} Ne7 {White has an edge.} 13. Nec3 Nxd5 14. Nxd5 Nc7 {[#]} 15. Qd2 $146 ({Predecessor:} 15. Nc3 Rb8 16. e3 d5 17. Qc2 d4 18. exd4 exd4 {1-0 (76) Maghsoodloo,P (2649)-Hakobyan,A (2554) Manavgat 2018}) 15... Nxd5 16. cxd5 Bd7 17. f4 exf4 18. gxf4 f5 19. Bxg7 Kxg7 20. b4 cxb4 21. Qb2+ Qf6 22. Qxb4 b6 23. e4 Rac8 24. Rae1 Rfe8 {[%cal Bf8e8,Be8e7,Be7f7][%mdl 32]} 25. Re2 Rc5 $1 {[%cal Bc8c5,Bc5b5,Bb5b4,Bb4a4][%mdl 32]} 26. d4 Rb5 27. Qa4 {Strongly threatening e5.} fxe4 {White must now prevent ...e3.} 28. Qxa7 Re7 ({Don't play} 28... Qxd4+ 29. Kh1 $11) 29. Rxe4 Rf7 30. Rfe1 Rb4 {[%mdl 1024] Black has strong compensation.} 31. Kh1 h5 32. Qa3 Ra4 33. Qb3 {[#]} b5 $1 34. Bh3 Bxh3 35. Qxh3 Rxd4 36. Qe6 {[#] aiming for Qxf6+.} Rd2 $1 37. Rg1 Rxa2 38. Re3 Rf2 $40 {[%mdl 128] Black attacks with force.} (38... h4 $142 39. Ree1 Rf2 40. Qxf6+ Rxf6 41. Re7+ Kh6) 39. Rxg6+ $2 {[%mdl 8192]} (39. Reg3 $17 Qxe6 40. dxe6 R7xf4 41. Rxg6+ Kf8 42. Rg8+ Ke7 43. Rb8) 39... Kxg6 {Black mates.} 40. Rg3+ Kh6 41. Qe8 Rxf4 {Precision: White = 45%, Black = 90%.} 0-1

[Event "1st Goa GM Open 2018"]
[Site "Taleigao"]
[Date "2018.10.16"]
[Round "5"]
[White "Laxman, R.R."]
[Black "Tukhaev, Adam"]
[Result "1-0"]
[WhiteElo "2443"]
[BlackElo "2556"]
[Annotator "TA"]
[PlyCount "111"]
[EventDate "2018.10.13"]
[EventType "swiss"]
[EventCountry "IND"]
[SourceTitle "playchess.com"]
[Source "ChessBase"]
[SourceQuality "1"]

{[%evp 16,111,29,25,38,35,34,35,40,42,34,34,33,35,29,18,20,20,20,19,18,20,20,20,20,22,18,6,7,0,32,33,34,37,36,36,34,29,36,27,25,29,25,27,38,9,16,11,99,35,32,10,11,0,8,14,32,32,85,85,121,119,122,122,154,162,178,183,158,153,178,175,275,262,211,182,201,189,771,842,768,716,630,362,354,351,332,331,912,918,1450,1227,925,875,2283,1505,1201,1239]} 1. d4 d5 2. Nf3 e6 3. c4 a6 4. cxd5 exd5 5. Nc3 Nf6 6. Bg5 {D37: Queen's Gambit Declined: 5 Bf4} Be7 (6... Be6 7. e3 Nbd7 8. Bd3 h6 9. Bf4 g5 10. Bg3 Nh5 11. Be5 Nhf6 12. Bg3 Nh5 13. Qb3 Nxg3 14. hxg3 {½-½ (48) Karjakin,S (2773)-Caruana,F (2822) Saint Louis 2018}) 7. e3 Be6 8. Bd3 Nbd7 9. O-O {LiveBook: 4 Games} c6 10. Rc1 $146 ({Predecessor:} 10. h3 Qc7 11. Qc2 Bd6 12. Ne2 h6 13. Bf4 O-O {1-0 (54) Kovalenko,I (2634)-Hort,V (2436) Basel 2014}) 10... O-O 11. h3 Qb8 12. Ne2 Re8 13. Bf4 Bd6 14. Bxd6 Qxd6 15. Nf4 Ne4 16. Bxe4 dxe4 17. Nd2 Bd5 18. Nxd5 Qxd5 19. Qb3 Qxb3 20. Nxb3 Nf6 21. Nc5 Re7 22. Rc3 Rc8 23. Rfc1 Kf8 24. Rb3 Rcc7 25. f3 Ke8 26. Kf2 Kd8 27. g4 {Black must now prevent g5.} exf3 28. Kxf3 Kc8 29. h4 Nd7 30. Ne4 {Threatening Nd6+.} Re6 31. a4 b6 (31... Kb8 $11) 32. Rbc3 (32. a5 $16 bxa5 33. Ra3) 32... Nf6 $14 33. Nd2 $36 {[%mdl 2048] White fights for an advantage.} Nd5 34. Rb3 c5 35. dxc5 bxc5 36. a5 h5 (36... Rf6+ $14 37. Kg3 Re6) 37. gxh5 $16 Rf6+ 38. Kg3 Re6 39. Nc4 Nb4 40. Rd1 Kb7 41. e4 {[%cal Be3e4,Be4e5][%mdl 32]} Kc6 42. e5 Kb5 43. Rc3 Na2 (43... Nc6 {was called for.}) 44. Nd6+ $18 Kc6 45. Rf3 Rxe5 46. Nxf7 Re2 $2 (46... Ree7) 47. Rd6+ Kb7 48. Rb6+ Ka7 49. Nd8 {[#] Threatening mate with Rb7+!} Nb4 50. Ne6 Re7 51. Nxc5 Rxb2 $2 {[#]} (51... Rc2 52. Rf5 (52. Rxb4 Rxc5 53. Rbf4 Rxa5 $16) 52... Rxb2) 52. Nxa6 $1 {[%mdl 512] White is clearly winning.} Nd3 (52... Nxa6 53. Rxb2) 53. Rxd3 Rxb6 54. axb6+ Kxa6 55. Rb3 {Intending b7! and mate.} Kb7 56. Kf4 {Precision: White = 82%, Black = 51%.} 1-0

[Event "1st Goa GM Open 2018"]
[Site "Taleigao"]
[Date "2018.10.16"]
[Round "5"]
[White "Neelotpal, Das"]
[Black "Manigandan, S S"]
[Result "1-0"]
[WhiteElo "2436"]
[BlackElo "2120"]
[Annotator "TA"]
[PlyCount "29"]
[EventDate "2018.10.13"]
[EventType "swiss"]
[EventCountry "IND"]
[SourceTitle "playchess.com"]
[Source "ChessBase"]
[SourceQuality "1"]

{[%evp 19,29,18,86,46,99,95,98,82,74,73,106,95]} 1. e4 c5 2. Nf3 e6 3. d4 cxd4 4. Nxd4 Nc6 5. Nc3 Qc7 6. g3 a6 7. Bg2 Nf6 8. O-O Nxd4 9. Qxd4 Bc5 10. Qd3 h6 {LiveBook: 10 Games. B47: Sicilian: Taimanov: 5 Nc3 Qc7 6 f4, 6 g3 and 6 Be2} (10... Ng4 $11 {keeps the balance.}) (10... Ng4 11. Qe2 h5 12. Kh1 b5 13. e5 Bb7 14. Bf4 Bd4 15. Rae1 Bxc3 16. bxc3 Bxg2+ 17. Kxg2 Qxc3 18. Rd1 Rc8 {½-½ (34) Adams,M (2753)-Van Kampen,R (2607) Hoogeveen 2013}) 11. b3 d6 {[#]} ({Black should play} 11... Be7 $14) 12. Na4 $1 $16 {White is better.} O-O $146 ({Predecessor:} 12... e5 13. Nxc5 dxc5 14. Bb2 O-O 15. f4 Ng4 16. Qf3 c4 17. Rae1 exf4 18. gxf4 {1-0 (26) Valkama,E (2108)-Bjerre,J (2073) Gyor 2014}) 13. Nxc5 dxc5 14. Bb2 Re8 15. Rad1 1-0

[Event "1st Goa GM Open 2018"]
[Site "Taleigao"]
[Date "2018.10.16"]
[Round "5"]
[White "Viani Antonio Dcunha"]
[Black "Bernadskiy, Vitaliy"]
[Result "0-1"]
[WhiteElo "2430"]
[BlackElo "2547"]
[Annotator "TA"]
[PlyCount "38"]
[EventDate "2018.10.13"]
[EventType "swiss"]
[EventCountry "IND"]
[SourceTitle "playchess.com"]
[Source "ChessBase"]
[SourceQuality "1"]

{[%evp 21,38,35,44,-164,51,5,310,97,100,-25,87,-45,29,-168,67,75,462,146,152]} 1. e4 Nf6 2. e5 Nd5 3. d4 d6 4. Nf3 Bg4 5. Be2 e6 6. c4 Nb6 7. exd6 cxd6 8. h3 Bh5 9. O-O Be7 10. Nc3 O-O 11. b3 d5 {LiveBook: 8 Games. B05: Alekhine's Defence: 4 Nf3 Bg4} 12. b4 $146 {[#]} (12. c5 $14 {keeps the upper hand.} N6d7 13. Bf4) ({Predecessor:} 12. c5 Nc8 13. b4 a6 14. Ne5 Bxe2 15. Qxe2 Bf6 16. Rd1 Bxe5 17. Qxe5 Nc6 18. Qe2 N8e7 19. Bg5 {1-0 (54) Adams,M (2729)-Ponomariov,R (2705) Moscow 2007}) 12... N6d7 $2 ({Better is} 12... Nxc4 $19 13. Rb1 Bf6) 13. g4 Bf6 $2 {[%mdl 8192]} (13... Bxb4 $11 {and Black stays safe.} 14. Nxd5 exd5 15. gxh5 dxc4) 14. Be3 $2 ({Less strong is} 14. cxd5 Bg6 $16) (14. gxh5 $18 dxc4 15. h6) 14... Bg6 $16 15. a3 (15. cxd5 $16 exd5 16. Nxd5) 15... Nc6 (15... dxc4 $11 16. h4 (16. Bxc4 Qc7 $17) 16... a5) 16. Qd2 (16. cxd5 $16 exd5 17. Nxd5) 16... h6 (16... Nb6 $15 17. cxd5 exd5) 17. Ne1 $2 {[#]} (17. cxd5 $11 exd5 18. Nxd5) 17... Be4 $2 ({Black should try} 17... dxc4 $19 {And now ...Nb6 would win.} 18. f4 Nb6) 18. Nxe4 $14 e5 $2 {[%mdl 8192]} (18... dxe4 $16 {is a better chance.} 19. Rd1 Re8) 19. Nc2 $2 (19. cxd5 $18 {has better winning chances.} Nxd4 20. Rd1) 19... dxe4 {[%mdl 32768] Precision: White =  7%, Black =  8%. . Loss on Time!?} 0-1

[Event "1st Goa GM Open 2018"]
[Site "Taleigao"]
[Date "2018.10.16"]
[Round "5"]
[White "Bakunts, Rafael"]
[Black "Dhananjay S"]
[Result "1-0"]
[WhiteElo "2427"]
[BlackElo "2233"]
[Annotator "TA"]
[PlyCount "73"]
[EventDate "2018.10.13"]
[EventType "swiss"]
[EventCountry "IND"]
[SourceTitle "playchess.com"]
[Source "ChessBase"]
[SourceQuality "1"]

{[%evp 10,73,46,38,46,27,27,23,30,12,12,9,13,17,29,11,15,0,18,-67,-52,-57,-60,-61,-56,-69,-70,-70,-59,-149,-91,-91,-99,-170,-27,-29,-16,-25,-14,-19,-8,-127,-98,-103,116,161,206,206,204,191,191,175,175,176,190,189,195,194,192,188,209,212,233,233,231,226]} 1. Nf3 g6 2. e4 Bg7 3. d4 d6 4. Bc4 e6 5. O-O Ne7 6. c3 {LiveBook: 10 Games. B06: Modern Defence} (6. Bb3 h6 7. c3 Nd7 8. a4 a5 9. Ne1 b6 10. f4 Ba6 11. Rf2 d5 12. e5 h5 13. Bc2 Bf8 14. Bd3 Bxd3 15. Qxd3 {½-½ (94) Bosiocic,M (2610)-Rapport,R (2696) Karlsruhe 2017}) 6... O-O 7. a4 d5 $146 ({Predecessor:} 7... h6 8. Re1 a6 9. a5 b5 10. axb6 cxb6 11. Nbd2 Bb7 12. Bb3 b5 13. Nf1 Nd7 {1-0 (61) Milliet,S (2412)-Safranska,A (2322) Villandry 2013}) 8. exd5 {White has an edge.} exd5 9. Be2 a5 10. Re1 Nd7 {[%cal Bb8d7,Bd7f6,Bf6e4][%mdl 32]} 11. Nbd2 Nf6 12. Ne5 Nf5 13. Ndf3 Ne4 14. Nd2 (14. Bd3 $11) 14... c5 $1 $15 15. Ndf3 cxd4 16. cxd4 Qb6 17. Bd3 Nxd4 18. Bxe4 dxe4 19. Nxd4 (19. Qxd4 $15 Qxd4 20. Nxd4 Bxe5 21. Rxe4) 19... Bxe5 (19... Rd8 $142 20. Rxe4 Bf5) 20. Rxe4 $17 Bg7 {Threatens to win with ...f5.} 21. Be3 (21. Bg5 $17 {was worth a try.}) 21... Qd8 (21... Qxb2 $19 {aiming for ...Rd8.} 22. Rb1 Qa2) 22. Qb3 Ra6 23. Re1 Rd6 {[%cal Rg7d4]} 24. Qc4 Rb6 25. Qc5 (25. Bd2 $11 {keeps the balance.} Bf5 26. Bxa5 Bxe4 27. Bxb6 Qxb6 28. Rxe4) 25... Rb4 {[#] And now ...b6 would win.} 26. Bg5 Bxd4 $2 (26... Qd7 $17 {[%cal Rg7d4] keeps the pressure on.} 27. Nf3 Qxa4 28. Rxb4 Qxb4 29. Qxb4 axb4) 27. Qxb4 $1 $16 axb4 {White is clearly better.} 28. Bxd8 Bxb2 29. Be7 Re8 30. Bxb4 Be6 31. Bc5 Bc3 32. Rc1 Bd2 33. Rd1 Ba5 34. h3 Rc8 35. Be3 h5 36. Re5 Ra8 37. Rb5 {Precision: White = 49%, Black = 58%.} 1-0

[Event "1st Goa GM Open 2018"]
[Site "Taleigao"]
[Date "2018.10.16"]
[Round "5"]
[White "Rakesh Kumar Jena"]
[Black "Hari Madhavan N B"]
[Result "1/2-1/2"]
[WhiteElo "2388"]
[BlackElo "2224"]
[Annotator "TA"]
[PlyCount "75"]
[EventDate "2018.10.13"]
[EventType "swiss"]
[EventCountry "IND"]
[SourceTitle "playchess.com"]
[Source "ChessBase"]
[SourceQuality "1"]

{[%evp 10,75,30,24,53,42,35,35,25,0,50,33,32,25,18,-7,0,-42,0,0,0,0,0,-70,-61,-69,6,3,10,-143,-129,-126,-86,-120,0,0,0,0,0,0,0,0,0,-41,0,-106,0,0,0,0,0,0,0,0,0,0,0,0,0,-134,0,-122,0,0,0,-110,0,0]} 1. Nf3 d5 2. d4 Nf6 3. g3 c6 4. Bg2 e6 5. O-O Nbd7 6. Nbd2 {LiveBook: 50 Games} b5 {D02: 1 d4 d5 2 Nf3 sidelines, including 2...Nf6 3 g3 and 2...Nf6 3 Bf4} (6... Be7 7. Re1 O-O 8. e4 c5 9. e5 Ne8 10. c3 b6 11. Nf1 Bb7 12. h4 Nc7 13. Bf4 Nb8 14. N1h2 {1-0 (46) Fressinet,L (2709)-Nigalidze,G (2527) Yerevan 2014}) 7. a4 Be7 8. axb5 $146 ({Predecessor:} 8. e4 O-O 9. exd5 Nxd5 10. axb5 cxb5 11. c3 a5 12. Re1 Bb7 13. Ne4 N5f6 {0-1 (40) Toth,V-Gouveia,C Caxias do Sul 1975}) 8... cxb5 {White is slightly better.} 9. e4 O-O 10. Qe2 b4 11. Ne5 Bb7 12. exd5 Nxd5 13. Ndc4 Nxe5 14. dxe5 a5 15. Qg4 $1 Kh8 16. h4 (16. b3 $11) 16... Qc7 17. Bg5 Bxg5 (17... Bc5 $15) 18. hxg5 $11 Ba6 19. Nd6 $2 ({White has to play} 19. b3 $11) 19... Bxf1 $17 ({Inferior is} 19... Qxc2 20. Rxa5 Kg8 21. Bxd5 $16) 20. Rxf1 {With the idea g6!} Qxc2 21. Be4 Qxb2 {[#]} ({Black should try} 21... Qd2 $1 $17 {[%cal Rd2b2]} 22. g6 f5) 22. Bxh7 $1 $11 {[%mdl 512]} Kxh7 {[#]} (22... Qxe5 23. Qh4 $18) 23. g6+ $1 {[%mdl 512]} fxg6 24. Qh3+ Kg8 25. Qxe6+ Kh7 26. Qxd5 {Kg2 is the strong threat.} Rae8 27. f4 {[#]} (27. Nxe8 $11 Rxe8 28. Qh1+ Kg8 29. Qd5+ Kh8 30. Kg2 Rxe5 31. Rh1+ Rh5 32. Rxh5+ gxh5 33. Qxh5+ Kg8 34. Qe8+ Kh7 35. Qh5+ Kg8 36. Qe8+ Kh7 37. Qh5+ Kg8) 27... b3 (27... Qe2 $1 $17 {White must now prevent ...Re7.} 28. Nxe8 Rxe8) 28. Qh1+ Kg8 29. Qd5+ Kh7 30. Ne4 {White threatens Ng5+ and mate.} Rf5 {Hoping for ...Ref8.} 31. g4 $1 {[%cal Rg4f5] [#]} Rxf4 $1 {[%mdl 512]} 32. Rxf4 {Threatening mate with Ng5+.} Qc1+ 33. Rf1 b2 {Strongly threatening ...Rf8.} 34. Qb3 {[#]} (34. Nd2 $11 {remains equal.}) 34... Rxe5 (34... a4 $1 $17 {[%cal Ra4b3]} 35. Qh3+ Qh6 36. Ng5+ Kg8) 35. Qh3+ (35. Nf6+ $1 $11 {was the only way to keep the balance.} gxf6 36. Qf7+ Kh8 37. Qxf6+ Kh7 38. Qf7+ Kh8 39. Qf8+ Kh7 40. Qf7+ Kh8 41. Qf8+ Kh7 42. Qf7+) 35... Kg8 {[%mdl 1024] Black has strong compensation.} 36. Qb3+ Kh7 37. Qh3+ Kg8 (37... Qh6 $17 38. Qd3 Qh4) 38. Qb3+ {Precision: White = 56%, Black = 44%.} 1/2-1/2

[Event "1st Goa GM Open 2018"]
[Site "Taleigao"]
[Date "2018.10.16"]
[Round "5"]
[White "Anwesh, Upadhyaya"]
[Black "Senthil Maran K"]
[Result "1/2-1/2"]
[WhiteElo "2381"]
[BlackElo "2216"]
[Annotator "TA"]
[PlyCount "215"]
[EventDate "2018.10.13"]
[EventType "swiss"]
[EventCountry "IND"]
[SourceTitle "playchess.com"]
[Source "ChessBase"]
[SourceQuality "1"]

{[%evp 10,215,0,-29,-31,-28,-8,0,-10,-52,15,0,79,80,110,100,147,104,95,114,142,148,205,201,217,217,199,199,279,272,274,268,359,357,335,346,338,336,328,350,336,197,197,192,181,158,195,209,270,268,314,316,312,289,296,250,281,269,263,271,285,293,415,421,434,422,452,443,427,348,401,409,402,402,390,401,392,350,379,377,353,350,295,252,252,237,277,261,331,331,344,336,306,60,60,60,60,60,60,60,60,60,60,60,60,60,60,60,60,60,60,60,60,60,60,60,60,60,60,60,60,60,60,54,60,60,60,60,60,60,54,54,60,60,60,60,60,60,60,60,60,60,60,60,60,54,57,52,59,52,52,52,52,52,52,52,52,52,60,60,68,60,71,71,71,71,71,68,68,68,72,68,71,68,71,71,72,72,72,72,72,72,72,72,73,72,73,73,73,0,73,73,73,73,73,73,74,73,73,72,72,72,72,71,71,71,68,8]} 1. g3 d5 {[%cal Bd7d5,Bd5d4][%mdl 32]} 2. Nf3 g6 3. c4 d4 4. Bg2 Bg7 5. O-O Nc6 6. e3 {LiveBook: 7 Games. A09: Réti Opening: 1 Nf3 d5 2 c4} Nh6 7. d3 {[%cal Bd2d3,Bd3d4,Bd4d5][%mdl 32]} dxe3 8. fxe3 {The position is equal.} O-O $146 ({Predecessor:} 8... e5 9. d4 exd4 10. exd4 Nxd4 11. Bxh6 Bxh6 12. Nxd4 {0-1 (47) Evdokimov,A (2555)-Vitiugov,N (2616) Bornholm 2008}) 9. d4 Bf5 (9... e5 $15) 10. Nc3 $11 Qd7 (10... e5 $1 $11 {remains equal.}) 11. d5 $16 {Threatens to win with e4.} Na5 12. e4 Bh3 13. Qd3 Bxg2 14. Kxg2 c5 15. Bf4 a6 (15... b6 $16 {was called for.} 16. Rad1 f6) 16. b3 $18 b5 17. Qd2 (17. cxb5 $6 axb5 18. Bxh6 Bxh6 $14) 17... Ng4 18. h3 Nf6 (18... b4 {might work better.}) 19. e5 Nh5 {[#]} 20. Bh6 $1 bxc4 21. g4 cxb3 22. gxh5 Nc4 23. Qf4 b2 24. Rab1 {Hoping for Bxg7.} Qf5 25. Qxf5 (25. Qxc4 $142 Bxh6 26. Rxb2) 25... gxf5 26. Bf4 h6 27. Na4 Rfb8 28. Nd2 ({Weaker is} 28. Nxc5 Na3 $14) 28... Nxe5 29. Nxb2 ({Don't take} 29. Rxb2 $6 Rxb2 30. Nxb2 Rd8 $16) 29... Rb5 30. Bxe5 Bxe5 31. Nbc4 Bc3 32. Rxf5 Rd8 33. a4 Rb4 34. Rxb4 cxb4 35. Nb3 f6 (35... Kg7 {keeps fighting.} 36. Ne3 Bf6) 36. Kf3 Kf7 37. Ne3 Be5 38. Ke4 Rc8 39. Rf1 Rc3 40. Rb1 e6 41. dxe6+ Kxe6 42. Nd4+ Bxd4 43. Kxd4 {[%mdl 4096] Endgame KRN-KR} a5 44. Nc4 Rxh3 45. Nxa5 Rxh5 46. Nc4 Rd5+ 47. Ke3 h5 48. Rxb4 {And now Rb6+ would win.} h4 {[%cal Bh5h4,Bh4h3,Bh3h2][%mdl 32]} 49. Rb6+ Kf5 50. a5 h3 51. a6 $2 (51. Kf2 $18 Rc5 52. Rb4) 51... h2 $14 52. Rb1 Rd7 53. Kf3 {Strongly threatening Kg2.} Ra7 54. Ne3+ Kg6 55. Ng4 Rxa6 56. Nxh2 Ra3+ 57. Kf4 Ra4+ 58. Kg3 Rc4 59. Nf3 Ra4 60. Rb6 Kf5 61. Rb5+ Kg6 62. Rd5 Rc4 63. Nd4 Ra4 64. Kf4 Rb4 65. Ke4 Ra4 66. Rd8 Rb4 67. Rg8+ Kf7 68. Ra8 Kg6 69. Kd5 Rb1 70. Ra2 Kf7 71. Ne2 Rb5+ 72. Kc4 Re5 73. Nc3 Re1 74. Kd4 Kg6 75. Rg2+ Kf7 76. Rf2 Ra1 77. Ne4 Ra6 78. Ke3 Kg7 79. Kf4 Ra5 80. Rb2 Kg6 81. Rb6 Rf5+ 82. Kg4 Rf1 83. Ng3 Ra1 84. Ne2 Kf7 85. Nf4 Ra5 86. Rb7+ Ke8 87. Ne6 Re5 88. Ng7+ Kf8 89. Nf5 Ra5 90. Rc7 Re5 91. Ra7 Rc5 92. Nh6 Ke8 93. Kf4 Rg5 94. Ng4 Rb5 95. Nxf6+ Kd8 96. Ke4 Rb1 97. Ke5 Rd1 98. Nd5 Rh1 99. Nf6 (99. Kd6 {feels hotter.} Rh6+ 100. Kc5 Rh1 101. Kc6 Rc1+ 102. Kd6) 99... Rd1 100. Ke6 Kc8 101. Nd5 Rh1 102. Ne7+ (102. Kd6 $5 {[%cal Rd5e7]} Rh6+ 103. Kc5 $14) 102... Kb8 103. Nc6+ Kc8 104. Kd6 {[%csl Gd6][%cal Ra7c7]} Rh6+ 105. Kc5 Rh5+ 106. Kb4 ({Of course not} 106. Kb6 Rb5+ 107. Ka6 Rb6+ 108. Kxb6 $11) 106... Rb5+ {[#]} 107. Ka4 $1 {Black must now prevent Ra8+.} Rb7 108. Rxb7 {Precision: White = 82%, Black = 64%.} (108. Ra8+ $14 Kd7 109. Nd4) 1/2-1/2

[Event "1st Goa GM Open 2018"]
[Site "Taleigao"]
[Date "2018.10.16"]
[Round "5"]
[White "Sai Agni Jeevitesh, J."]
[Black "Aditya Mittal"]
[Result "1/2-1/2"]
[WhiteElo "2362"]
[BlackElo "2215"]
[Annotator "TA"]
[PlyCount "87"]
[EventDate "2018.10.13"]
[EventType "swiss"]
[EventCountry "IND"]
[SourceTitle "playchess.com"]
[Source "ChessBase"]
[SourceQuality "1"]

{[%evp 15,87,0,14,-35,-27,-60,-54,-42,-16,-5,23,0,0,0,0,0,0,0,0,-20,-13,-10,-10,-8,-3,-21,0,0,0,0,0,-35,-31,-38,-2,-2,-3,-3,-3,-4,-5,-10,-8,-8,0,0,0,0,0,0,0,-8,0,0,0,0,0,0,0,0,0,0,0,0,0,0,0,0,0,0,0,0,0,0]} 1. d4 d5 2. c4 c6 3. Nf3 Nf6 4. Nc3 e6 5. g3 dxc4 6. Bg2 Nbd7 7. O-O Be7 8. e4 {[%cal Be2e4,Be4e5][%mdl 32]} O-O {LiveBook: 141 Games} 9. e5 {E07: Closed Catalan: Main Line (5 Nf3 0-0 6 0-0 Nbd7)} (9. a4 e5 10. dxe5 Ng4 11. Bf4 Qa5 12. e6 fxe6 13. Qe2 Nge5 14. Nd4 Nb6 15. Bh3 Nd3 16. Bc7 Bf6 17. Qe3 Qc5 18. e5 Bxe5 19. Bxe5 Qxe5 20. Qxe5 Nxe5 {0-1 (37) Salem,A (2638)-Dreev,A (2653) Riadh 2017}) 9... Nd5 10. Ne4 b5 11. Bg5 {Black is slightly better.} f6 (11... Bxg5 {seems wilder.} 12. Nfxg5 h6 13. Nh3 a5 14. Re1 N7b6) 12. exf6 N5xf6 13. Ne5 $146 (13. Re1 {keeps more tension.} Nxe4 14. Bxe7 Qxe7 15. Rxe4 Bb7 16. Qe2) ({Predecessor:} 13. Qe2 Nxe4 14. Bxe7 Qxe7 15. Qxe4 {0-1 (36) Chernyuk,M (2256)-Matsenko,S (2468) Satka 2012}) 13... Nxe5 14. dxe5 Nxe4 15. Bxe7 Qxe7 16. Bxe4 Bb7 17. b3 c5 18. Bxb7 $1 Qxb7 19. bxc4 bxc4 20. Qd6 Qd5 21. Rad1 Qxd6 22. Rxd6 $11 {[%mdl 4096] Endgame KRR-KRR} Rad8 23. Rfd1 Rxd6 24. Rxd6 $15 {KR-KR} Rf5 25. f4 {The position is equal.} g5 26. Rxe6 gxf4 27. gxf4 Rxf4 28. Rc6 Kf7 29. Kg2 Ke7 30. Kg3 Rd4 {[#] White must now prevent ...Rd5.} 31. Rxc5 Ke6 32. Kf3 h5 33. Ra5 Rd5 34. Rxa7 Kxe5 35. Ke2 c3 {[#] Strongly threatening ...Rd2+.} 36. Rc7 Rd2+ 37. Ke1 Rxa2 {Hoping for ...Kd4.} 38. Rxc3 Rxh2 39. Kf1 h4 40. Kg1 Re2 41. Rc4 h3 42. Rh4 h2+ 43. Rxh2 Rxh2 44. Kxh2 {Precision: White = 64%, Black = 50%.} 1/2-1/2

[Event "1st Goa GM Open 2018"]
[Site "Taleigao"]
[Date "2018.10.16"]
[Round "5"]
[White "Rajdeep Sarkar"]
[Black "Neverov, Valeriy"]
[Result "0-1"]
[WhiteElo "2355"]
[BlackElo "2488"]
[Annotator "TA"]
[PlyCount "94"]
[EventDate "2018.10.13"]
[EventType "swiss"]
[EventCountry "IND"]
[SourceTitle "playchess.com"]
[Source "ChessBase"]
[SourceQuality "1"]

{[%evp 19,94,22,49,27,28,27,35,23,63,54,60,45,92,89,104,26,33,-91,-86,-85,-89,-105,-114,-115,-127,-133,-127,-172,-176,-268,-286,-276,-279,-271,-225,-288,-268,-350,-341,-452,-462,-541,-599,-587,-582,-552,-461,-461,-337,-293,-279,-613,-616,-605,-582,-505,-429,-485,-461,-966,-944,-943,-915,-1381,-1212,-1370,-1336,-1291,-1291,-1256,-847,-1222,-1212,-1186,-1126,-1133,-1103]} 1. Nf3 f5 2. d4 Nf6 3. g3 g6 4. Bg2 Bg7 5. O-O O-O 6. b3 d6 7. Bb2 c6 8. c4 Na6 9. Nc3 Bd7 10. e3 {[%cal Be2e3,Be3e4][%mdl 32]} Qe8 11. d5 {A88: Dutch Defence: Leningrad System: 5 Nf3 0-0 6 0-0 d6 7 Nc3 c6} Nc7 12. dxc6 $146 ({Predecessor:} 12. Qd2 h6 13. Rad1 g5 14. Qc1 Rc8 15. Qb1 Qh5 16. Rd2 f4 17. exf4 Bh3 18. fxg5 Bxg2 19. Kxg2 Nfxd5 20. cxd5 Qxf3+ {1-0 (52) Djerfi,K (2345)-Cetkovic,M (2265) Belgrade 2007}) 12... bxc6 13. Qe2 {White is slightly better.} c5 14. e4 e5 15. Rad1 Ne6 16. Rxd6 {[#] Black must now prevent exf5.} Nd4 17. Nxd4 ({White should try} 17. Qe1 $16) 17... exd4 $11 18. Nd5 (18. Na4 $14 {stays ahead.} Bxa4 19. e5) 18... Nxe4 $17 19. Bxe4 fxe4 20. Rxd7 Qxd7 21. Qxe4 Rae8 22. Qd3 Qf5 $36 {[%mdl 2048] Black is in control.} 23. Qxf5 Rxf5 24. Nf4 (24. Ba3 {was called for.} Bf8 25. f4) 24... Bh6 $19 25. Nd3 Re2 26. Rd1 Bf8 27. Kg2 a5 28. a4 Rf7 29. Ba3 Ra2 30. Bxc5 Bxc5 31. Nxc5 Rfxf2+ {[%mdl 4096] Endgame KRR-KRN} 32. Kh3 Rxh2+ 33. Kg4 Raf2 34. Ne6 Kf7 {( -> ...Kf6)} 35. Ng5+ $2 (35. Nxd4 Rh5 36. Nf3) 35... Kg7 {[%csl Gg6,Gh2][%cal Rh7h5] Black is clearly winning.} 36. Nf3 h5+ 37. Kf4 Rhg2 38. Rxd4 {[#]} g5+ $1 {[%mdl 512]} 39. Ke4 (39. Ke3 $142 Rb2 40. Rd7+ Kf6 41. Ke4) (39. Kxg5 Rxf3) 39... Rxg3 40. Rd7+ Kf6 41. Nd4 Rf4+ 42. Kd5 Rd3 43. Rd6+ Kf7 44. Ke5 Re3+ 45. Kd5 h4 46. Rd7+ Ke8 47. Rh7 Rd3 {Precision: White = 36%, Black = 70%.} 0-1